Spoveď

Bibliographic Details
Main Author: Bobák, Milan, 1944- (Author)
Other Authors: Heveši, Marián, 1947- (Translator)
Format: Article
Language:Slovak
PhysicalDescription:Literárna príloha Smena, č. 33, s. 7.
Subjects:

MARC

LEADER 00000nab a2200000 a 4500
001 vtls000130953
003 SK-MaSNL
005 20260303225058.0
008 150430c1982 xo 0 slo
015 |a SNBRB19rr/mm-uuuuu 
035 |a CL0141059 
040 |a SNKBUCL  |b slo  |c SNKBUCL  |e AACR2 
041 0 |a slo 
044 |a xo  |c SK 
080 |a 883 (437)-1  |2 1981 
100 1 |a Bobák, Milan,  |d 1944-  |4 aut  |9 100945 
245 1 0 |a Spoveď  |c Milan Bobák ; Marián Heveši 
300 |b Literárna príloha Smena, č. 33, s. 7. 
650 0 7 |a básne lyrické  |2 snkbucl  |9 403933 
650 0 7 |a literatúra ukrajinská  |z Česko-Slovensko  |2 snkbucl  |9 921476 
655 7 |a články z novín a časopisov  |2 snkbucl  |9 267496 
655 7 |a články z odboru literárna veda a krásna literatúra  |2 snkbucl  |9 770045 
700 1 |a Heveši, Marián,  |d 1947-  |4 trl  |9 104700 
773 0 |t Smena  |g Roč. 35, č. 228 (25. 9. 1982) 
850 |a Slovenská národná knižnica v Martine  |a MTA001 
852 |a SNK  |b KIS3GCP 
958 |a RK 
958 |a LX 
958 |a SK 
992 |a RBX 
999 |c 2255521  |d 2257451